相互接壤的面积大的地级行政区 - Statistics

General Stats
  • This quiz has been taken 26 times
    25 since last reset
  • The average score is 37 of 38
Answer Stats
省级行政区 地级行政区 % Correct
四川省 阿坝藏族羌族自治州
100%
内蒙古自治区 阿拉善盟
100%
新疆维吾尔自治区 阿勒泰地区
100%
西藏自治区 阿里地区
100%
新疆维吾尔自治区 巴音郭楞蒙古自治州
100%
西藏自治区 昌都市
100%
新疆维吾尔自治区 昌吉回族自治州
100%
黑龙江省 大兴安岭地区
100%
新疆维吾尔自治区 哈密市
100%
青海省 海南藏族自治州
100%
青海省 海西蒙古族藏族自治州
100%
新疆维吾尔自治区 和田地区
100%
内蒙古自治区 呼伦贝尔市
100%
新疆维吾尔自治区 喀什地区
100%
西藏自治区 林芝市
100%
西藏自治区 那曲市
100%
西藏自治区 日喀则市
100%
西藏自治区 山南市
100%
新疆维吾尔自治区 塔城地区
100%
新疆维吾尔自治区 吐鲁番市
100%
青海省 玉树藏族自治州
100%
新疆维吾尔自治区 阿克苏地区
95%
内蒙古自治区 巴彦淖尔市
95%
内蒙古自治区 赤峰市
95%
内蒙古自治区 鄂尔多斯市
95%
四川省 甘孜藏族自治州
95%
青海省 果洛藏族自治州
95%
甘肃省 酒泉市
95%
内蒙古自治区 通辽市
95%
内蒙古自治区 锡林郭勒盟
95%
内蒙古自治区 兴安盟
95%
新疆维吾尔自治区 伊犁哈萨克自治州
95%
甘肃省 张掖市
95%
新疆维吾尔自治区 克孜勒苏柯尔克孜自治州
90%
四川省 凉山彝族自治州
90%
黑龙江省 齐齐哈尔市
90%
内蒙古自治区 乌兰察布市
90%
黑龙江省 黑河市
86%
No matching quizzes found
Score Distribution
Percent of People with Each Score
Percentile by Number Answered
Your Score History
You have not taken this quiz since the last reset